| 000 | 01093cam a2200325 i 4500 | ||
|---|---|---|---|
| 999 |
_c200129805 _d29494 |
||
| 001 | 200129805 | ||
| 003 | TR-AnTOB | ||
| 005 | 20240122165514.0 | ||
| 007 | ta | ||
| 008 | 140714s2003 tu 000 0 tur d | ||
| 040 |
_aTR-AnTOB _beng _erda _cTR-AnTOB |
||
| 041 | 0 | _atur | |
| 050 | 0 | 0 |
_aKZ4244 _b.M46 2003 |
| 090 |
_aKZ4244 _b.M46 2003 |
||
| 100 | 1 |
_aMendelson, Maurice _990754 |
|
| 245 | 1 | 0 |
_aKıbrıs'ın AB'ne girişi neden hukuka aykırı olacak / _c[Mendelson, Maurice]. |
| 264 | 1 |
_aAnkara : _bT.C. Londra Büyükelçiliği, _c2003. |
|
| 300 |
_a60 pages ; _c27 cm |
||
| 336 |
_atext _btxt _2rdacontent |
||
| 337 |
_aunmediated _bn _2rdamedia |
||
| 338 |
_avolume _bnc _2rdacarrier |
||
| 610 | 7 |
_aAvrupa Birliği _xÜyelik _2etuturkob _924836 |
|
| 610 | 0 |
_aAvrupa Birliği _zKıbrıs _934472 |
|
| 650 | 0 |
_aAnayasa tarihi _zKıbrıs _934477 |
|
| 650 | 0 |
_aSelf-determinasyon, Ulusal _zKıbrıs _990755 |
|
| 651 | 7 |
_aKıbrıs _xDış ilişkiler _y1960- _2etuturkob _990756 |
|
| 651 | 7 |
_aKıbrıs _xUluslararası statü _2etuturkob _918885 |
|
| 942 |
_2lcc _cBK |
||